|
|
|
|
| LEADER |
00000nam0a2200000 4500 |
| 001 |
259107 |
| 005 |
20231101233345.0 |
| 020 |
|
|
|a RU
|b 88-16625
|
| 035 |
|
|
|a (RuTPU)RU\TPU\book\282016
|
| 090 |
|
|
|a 259107
|
| 100 |
|
|
|a 20140505d1988 k y0rusy5003 ca
|
| 101 |
0 |
|
|a rus
|
| 102 |
|
|
|a RU
|
| 105 |
|
|
|a a z 001zy
|
| 200 |
1 |
|
|a Статистическая динамика систем с точечными процессами
|f А. В. Солодов, А. А. Солодов
|
| 210 |
|
|
|a Москва
|c Наука
|d 1988
|
| 215 |
|
|
|a 256 с.
|c ил.
|
| 225 |
1 |
|
|a Теоретические основы технической кибернетики
|
| 320 |
|
|
|a Библиогр.: с. 252-253.
|
| 320 |
|
|
|a Предм. указ.: с. 254-256.
|
| 606 |
1 |
|
|a Динамические системы
|x Статистические методы изучения
|2 stltpush
|3 (RuTPU)RU\TPU\subj\9532
|9 36762
|
| 610 |
1 |
|
|a статистическая динамика
|
| 610 |
1 |
|
|a точечные случайные процессы
|
| 610 |
1 |
|
|a теория систем
|
| 610 |
1 |
|
|a случайные структуры
|
| 610 |
1 |
|
|a пуассоновские процессы
|
| 610 |
1 |
|
|a обработка
|
| 610 |
1 |
|
|a фильтрация
|
| 610 |
1 |
|
|a оптимизация
|
| 610 |
1 |
|
|a передача информации
|
| 675 |
|
|
|a 681.51.033:51
|z rus
|
| 700 |
|
1 |
|a Солодов
|b А. В.
|g Александр Васильевич
|
| 701 |
|
1 |
|a Солодов
|b А. А.
|g Александр Александрович
|
| 801 |
|
0 |
|a RU
|b RuMRKP
|c 19950417
|g psbo
|
| 801 |
|
1 |
|a RU
|b 63413507
|c 20140505
|
| 801 |
|
2 |
|a RU
|b 63413507
|c 20150128
|g RCR
|
| 942 |
|
|
|c BK
|